La época de rosas : antología /
Guardado en:
| Autor Principal: | |
|---|---|
| Formato: | Libro |
| Publicado: |
Buenos Aires :
Centro Editor de América Latina,
1979
|
| Series: | Capítulo. Biblioteca Argentina Fundamental; No. 10
|
| Materias: | |
| Etiquetas: |
Agregar Etiqueta
Sin Etiquetas, Sea el primero en etiquetar este registro!
|
| LEADER | 02287nam a22002175a 4500 | ||
|---|---|---|---|
| 001 | CEM.cems013159 | ||
| 005 | 20101123100418.0 | ||
| 008 | 130507s1979##################000#0#####d | ||
| 003 | CEMS | ||
| 082 | 0 | 4 | |a A868.3 |
| 100 | 1 | |a Weinberg, Félix | |
| 245 | 1 | 0 | |a La época de rosas : |b antología / |c Selección de Félix Weinberg ; prólogo de Graciela Cabal |
| 260 | |a Buenos Aires : |b Centro Editor de América Latina, |c 1979 | ||
| 300 | |a 150 p. | ||
| 490 | 0 | |a Capítulo. Biblioteca Argentina Fundamental; No. 10 | |
| 505 | 0 | |a Ojeada filosófica sobre el estado presente y la suerte futura de la Nación Argentina / Marcos Sastre -- Mi nombre y mi plan / Juan Bautista Alberdi -- Un papel popular / Juan Bautista Alberdi -- Del arte moderno / Juan Bautista Alberdi -- Al bello sexo / Jacinto Rodríguez Peña -- Diálogo sobre alguna cosa importante / Vicente Fidel López -- El pampero / Claudio M. Cuenca -- Mi soledad / Claudio M. Cuenca -- Mi dolor / Germán Vega -- Himno de los restauradores / José Rivera Indarte -- El moño punzó / Anónimo -- Oda / Anónimo -- Soneto / Anónimo -- Soneto / Anónimo -- El ilustre Restaurador de las Leyes, en ocasión de salvar su preciosa vida / Presbítero Ramón González Lara -- A la señorita Doña Manuelita Rosas y Ezcurra -- Coplas / Anónimo -- La negrita / Anónimo -- El unitario miedoso / Anónimo -- Cielito / Anónimo -- Décimas / Anónimo -- La noche / Esteban Echeverría -- Al corazón / Esteban Echeverría -- A. N. / Esteban Echeverría -- La diamela / Esteban Echeverría -- A Rosas / José Marmol -- Endecha del gaucho / Juan María Gutierrez -- Tristeza / Juan María Gutiérrez -- A Mayo / Juan María Gutierrez -- A Santos Vega / Bartolomé Mitre -- El cigarro / Florencio Balcarce -- El lechero / Florencio Balcarce -- El ombú / Luis L. Domínguez -- A una calandria / José María Cantilo -- A la convención Mackau / José María Cantilo -- Conversación entre los paisanos Salvador y Jacinto / Anónimo -- En la perdida de un amigo / Marco Avellaneda -- A la memoria del poeta Juan Cruz Varela / José Rivera Indarte | |
| 653 | |a Literatura | ||
| 653 | |a Literatura argentina | ||
| 653 | |a Historia argentina | ||
| 653 | |a Literatura argentina-antología | ||
| 859 | |a CEMS |b BIB. CEMS - 11 de abril |h A868.3 |i W43 |p 25614.09 |t Ej.1 | ||
